[Event "4NCL/Div2/SWD1 vs. BRI1"]
[Site "West Bromwich ENG"]
[Date "2004.05.02"]
[Round "8.6"]
[White "Buckley, David E"]
[Black "Morris, Charles F"]
[Result "1-0"]
[WhiteElo "2203"]
[BlackElo "2225"]
[PlyCount "111"]
[EventDate "2004.05.02"]

1. d4 d5 2. c4 c6 3. Nc3 Nf6 4. Nf3 dxc4 5. a4 Bf5 6. e3 e6 7. Bxc4 Bb4 8. O-O
Nbd7 9. Qe2 Bg6 10. e4 O-O 11. Bd3 h6 12. Bf4 Qe7 13. Na2 Bh5 14. Rfc1 a5 15.
Nxb4 Qxb4 16. Rc4 Qe7 17. Ra3 Bxf3 18. Qxf3 e5 19. dxe5 Nxe5 20. Bxe5 Qxe5 21.
Rb3 Rab8 22. Qg3 Qe6 23. e5 Nh5 24. Qe3 g5 25. h4 Nf4 26. Rxf4 gxf4 27. Qe4
Rfe8 28. Bc4 Qxe5 29. Qg6+ Qg7 30. Bxf7+ Kf8 31. Bxe8 Rxe8 32. Qd6+ Kg8 33.
Qxf4 Rf8 34. Qc4+ Kh8 35. Qc5 Rg8 36. g3 Qf7 37. Re3 Re8 38. Rxe8+ Qxe8 39.
Qxa5 Qe7 40. Qc3+ Kh7 41. Qd3+ Kg7 42. h5 Qe6 43. Qg6+ Qxg6 44. hxg6 Kxg6 45.
Kf1 Kf5 46. Ke2 Kg4 47. Ke3 h5 48. Ke4 b6 49. b4 c5 50. bxc5 bxc5 51. a5 c4 52.
a6 c3 53. Kd3 Kf3 54. a7 Kxf2 55. a8=Q Kxg3 56. Qh1 1-0

[Event "4NCL/Div2/SWD1 vs. BRI1"]
[Site "West Bromwich ENG"]
[Date "2004.05.02"]
[Round "8.7"]
[White "Trevelyan, John"]
[Black "Collier, David O"]
[Result "1/2-1/2"]
[WhiteElo "2145"]
[BlackElo "2225"]
[PlyCount "86"]
[EventDate "2004.05.02"]

1. Nf3 Nf6 2. g3 b6 3. Bg2 Bb7 4. O-O e6 5. c4 Be7 6. Nc3 O-O 7. d4 d5 8. cxd5
exd5 9. Bg5 h6 10. Bxf6 Bxf6 11. b4 Re8 12. e3 c6 13. Qd2 Ba6 14. b5 Bxb5 15.
Nxb5 cxb5 16. Ne1 a5 17. Qb2 Qd7 18. Nd3 Na6 19. Nf4 Nc7 20. Rfc1 g5 21. Rxc7
Qxc7 22. Nxd5 Qd6 23. Nxf6+ Qxf6 24. Bxa8 Rxa8 25. Qxb5 Rc8 26. Qd3 h5 27. e4
h4 28. Re1 Qg6 29. d5 Rd8 30. Rd1 Qd6 31. Qd4 f6 32. Rb1 Rb8 33. Rc1 Rd8 34.
Qe3 h3 35. f4 Qb4 36. Re1 Rc8 37. fxg5 Rc3 38. Qf2 Rc2 39. Qe3 Qb2 40. gxf6
Rg2+ 41. Kf1 Qb5+ 42. Re2 Qb1+ 43. Re1 Qb5+ 1/2-1/2

[Event "4NCL/Div2/SWD1 vs. BRI1"]
[Site "West Bromwich ENG"]
[Date "2004.05.02"]
[Round "8.8"]
[White "Ashby, Ann-Marie"]
[Black "Cast, Abigail"]
[Result "1-0"]
[WhiteElo "2082"]
[BlackElo "2094"]
[PlyCount "71"]
[EventDate "2004.05.02"]

1. e4 e6 2. d4 d5 3. Nc3 Nf6 4. Bg5 Be7 5. e5 Nfd7 6. h4 a6 7. Qg4 Kf8 8. Nf3
c5 9. dxc5 Nc6 10. Qf4 Nxc5 11. O-O-O b5 12. Kb1 b4 13. Ne2 Ne4 14. Bxe7+ Qxe7
15. Nfd4 Nxd4 16. Nxd4 Bb7 17. Rh3 Rc8 18. Rf3 Ke8 19. Bd3 Nc5 20. Rg3 Nxd3 21.
Rdxd3 Rg8 22. h5 Kd7 23. h6 g5 24. Qe3 Rg6 25. Rd1 Rcg8 26. Rh1 Qf8 27. Nb3 Qe7
28. Qb6 Kc8 29. Nc5 Qc7 30. Qxb4 a5 31. Qb5 Bc6 32. Qa6+ Kd8 33. Ra3 Ke7 34.
Qxa5 Qxe5 35. Qa7+ Ke8 36. Rb3 1-0

[Event "4NCL/Div2/PYO vs. MIN1"]
[Site "West Bromwich ENG"]
[Date "2004.05.02"]
[Round "8.1"]
[White "Haslinger, Stewart"]
[Black "Bellin, Robert"]
[Result "1/2-1/2"]
[WhiteElo "2410"]
[BlackElo "2385"]
[PlyCount "28"]
[EventDate "2004.05.02"]

1. e4 c5 2. Nf3 d6 3. d4 cxd4 4. Nxd4 Nf6 5. Nc3 Nc6 6. Bg5 e6 7. Qd2 a6 8.
O-O-O Bd7 9. f3 Be7 10. g4 h5 11. gxh5 Nxh5 12. Bxe7 Qxe7 13. Rg1 Rd8 14. Kb1
Qf6 1/2-1/2

[Event "4NCL/Div2/PYO vs. MIN1"]
[Site "West Bromwich ENG"]
[Date "2004.05.02"]
[Round "8.2"]
[White "Radovanovic, Jovica"]
[Black "Rendle, Thomas E"]
[Result "1/2-1/2"]
[WhiteElo "2189"]
[BlackElo "2283"]
[PlyCount "81"]
[EventDate "2004.05.02"]

1. e4 e6 2. d4 d5 3. Nc3 Bb4 4. e5 c5 5. a3 Ba5 6. b4 cxd4 7. Nb5 Bc7 8. f4 Bd7
9. Nxd4 Ne7 10. Ngf3 Nbc6 11. Bd3 Nxd4 12. Nxd4 Bb6 13. Be3 Nc6 14. c3 Nxd4 15.
cxd4 a6 16. O-O g6 17. Qe2 Rc8 18. Rac1 Rxc1 19. Rxc1 O-O 20. g4 Qh4 21. Kg2 f6
22. h3 fxe5 23. fxe5 Qe7 24. Kg3 Qf7 25. Bh6 Bxd4 26. Bxf8 Qxf8 27. g5 Qb8 28.
Kf4 Qf8+ 29. Kg4 h5+ 30. Kg3 h4+ 31. Kg4 Qg7 32. Rc7 b6 33. Bxa6 Qh7 34. Bb5
Bxb5 35. Rc8+ Be8 36. Rxe8+ Kf7 37. Qb5 Qh5+ 38. Kf4 Be3+ 39. Kxe3 Qxg5+ 40.
Ke2 Qxe5+ 41. Kd1 1/2-1/2

[Event "4NCL/Div2/PYO vs. MIN1"]
[Site "West Bromwich ENG"]
[Date "2004.05.02"]
[Round "8.3"]
[White "Bigg, Andrew J"]
[Black "McFarland, Robert S"]
[Result "0-1"]
[WhiteElo "2267"]
[BlackElo "2268"]
[PlyCount "56"]
[EventDate "2004.05.02"]

1. d4 g6 2. e4 Bg7 3. Nc3 d6 4. h4 h5 5. Be2 a6 6. a4 Nc6 7. d5 Ne5 8. Nf3
Nxf3+ 9. gxf3 Nf6 10. f4 e6 11. dxe6 Bxe6 12. Qd3 Qd7 13. Rg1 Rg8 14. f5 gxf5
15. Bg5 O-O-O 16. Qe3 Nxe4 17. Nxe4 fxe4 18. Qa7 Qc6 19. O-O-O Bb3 20. Rd2 Qxa4
21. Qa8+ Kd7 22. Rxd6+ Kxd6 23. Rd1+ Bd5 24. Rxd5+ Kxd5 25. Qxb7+ Ke6 26. c4
Rd4 27. Qxc7 Qa1+ 28. Kc2 Qxb2+ 0-1

[Event "4NCL/Div2/PYO vs. MIN1"]
[Site "West Bromwich ENG"]
[Date "2004.05.02"]
[Round "8.4"]
[White "Almond, Richard"]
[Black "Broomfield, Matthew"]
[Result "1/2-1/2"]
[WhiteElo "2164"]
[BlackElo "2278"]
[PlyCount "48"]
[EventDate "2004.05.02"]

1. d4 e6 2. c4 Nf6 3. Nc3 Bb4 4. Qc2 O-O 5. a3 Bxc3+ 6. Qxc3 Ne4 7. Qc2 f5 8.
g3 Nc6 9. Nf3 Qf6 10. Be3 d6 11. Bg2 e5 12. dxe5 dxe5 13. O-O-O Be6 14. Nd2
Nxd2 15. Rxd2 e4 16. f3 Na5 17. fxe4 Nxc4 18. Rd3 Rad8 19. Bd2 Nxd2 20. Qxd2
fxe4 21. Bxe4 Rxd3 22. exd3 Rd8 23. Qe3 c5 24. Re1 b6 1/2-1/2

[Event "4NCL/Div2/PYO vs. MIN1"]
[Site "West Bromwich ENG"]
[Date "2004.05.02"]
[Round "8.5"]
[White "Dorrington, Christopher"]
[Black "Muter, Donny"]
[Result "1-0"]
[WhiteElo "2179"]
[BlackElo "2136"]
[PlyCount "41"]
[EventDate "2004.05.02"]

1. e4 d6 2. d4 Nf6 3. Nc3 c6 4. Nf3 Bg4 5. Be2 Nbd7 6. h3 Bxf3 7. Bxf3 e5 8.
Be3 Be7 9. O-O O-O 10. a4 Re8 11. d5 a5 12. Qd2 Qc7 13. g4 Nb6 14. g5 Nfd7 15.
Qe2 Nf8 16. Bg2 c5 17. Qg4 Qd7 18. Qg3 Ng6 19. h4 Qd8 20. Ne2 h5 21. Bf3 1-0

[Event "4NCL/Div2/PYO vs. MIN1"]
[Site "West Bromwich ENG"]
[Date "2004.05.02"]
[Round "8.6"]
[White "Stirling, William J"]
[Black "Player, Edmund C"]
[Result "1-0"]
[WhiteElo "2141"]
[BlackElo "2151"]
[PlyCount "79"]
[EventDate "2004.05.02"]

1. Nf3 d5 2. d4 Nf6 3. c4 dxc4 4. e3 e6 5. Bxc4 c5 6. O-O a6 7. a4 Qc7 8. Qe2
Nc6 9. Nc3 Bd6 10. Rd1 O-O 11. Bd2 b6 12. d5 Na5 13. Ba2 c4 14. e4 e5 15. Bg5
Bg4 16. Bxf6 gxf6 17. h3 Bd7 18. Nd2 b5 19. Rdc1 Kh8 20. Qf3 Qd8 21. Ne2 Rg8
22. Kh1 Rg6 23. Ng3 Rc8 24. Nf5 Bb4 25. Nf1 bxa4 26. N1e3 Nb3 27. Bxb3 cxb3 28.
Rxc8 Qxc8 29. Nh4 Rg7 30. Qxf6 Kg8 31. Nef5 Bxf5 32. Nxf5 Rg6 33. Nh6+ Rxh6 34.
Qxh6 a3 35. Qg5+ Kf8 36. Qxe5 axb2 37. Qxb2 Bc3 38. Rc1 Bxb2 39. Rxc8+ Ke7 40.
Rb8 1-0

[Event "4NCL/Div2/PYO vs. MIN1"]
[Site "West Bromwich ENG"]
[Date "2004.05.02"]
[Round "8.7"]
[White "Levermore, Peter A"]
[Black "Hegarty, Sarah N"]
[Result "1-0"]
[WhiteElo "2066"]
[BlackElo "1891"]
[PlyCount "85"]
[EventDate "2004.05.02"]

1. e4 Nf6 2. e5 Nd5 3. d4 d6 4. Nf3 dxe5 5. dxe5 Nc6 6. Bb5 Bg4 7. h3 Bh5 8.
O-O Ndb4 9. Qe2 a6 10. Rd1 Qc8 11. Ba4 e6 12. a3 Nd5 13. g4 Bg6 14. Nd4 Nb6 15.
Nxc6 Nxa4 16. Rd8+ Qxd8 17. Nxd8 Rxd8 18. Bg5 Rd7 19. b3 Nb6 20. Nc3 Be7 21.
Bxe7 Kxe7 22. Rd1 Rhd8 23. Rxd7+ Rxd7 24. f4 Nd5 25. Nxd5+ Rxd5 26. Qc4 Rd1+
27. Kf2 Rd2+ 28. Ke1 Rxc2 29. Qb4+ Kd7 30. Qxb7 Rc1+ 31. Kd2 Rc2+ 32. Kd1 Rc6
33. Qb4 Rb6 34. Qd4+ Ke7 35. Qc5+ Kd7 36. b4 Rb5 37. Qf8 Rd5+ 38. Kc1 Rd3 39.
f5 exf5 40. gxf5 Bh5 41. Qxg7 Rxh3 42. e6+ Ke7 43. Qxh7 1-0

[Event "4NCL/Div2/PYO vs. MIN1"]
[Site "West Bromwich ENG"]
[Date "2004.05.02"]
[Round "8.8"]
[White "Kelly, Paul J"]
[Black "Miller, Naomi K"]
[Result "1-0"]
[WhiteElo "1744"]
[BlackElo "1680"]
[PlyCount "111"]
[EventDate "2004.05.02"]

1. d4 Nf6 2. Bg5 Ne4 3. Bf4 d5 4. e3 e6 5. Nd2 Nxd2 6. Qxd2 c5 7. Nf3 Nc6 8.
Be2 Bd7 9. O-O Be7 10. dxc5 Bxc5 11. Qc3 Be7 12. Qxg7 Bf6 13. Qh6 e5 14. Bg5
Bxg5 15. Nxg5 Qe7 16. Bh5 Nd8 17. Qg7 Rf8 18. Nxh7 Nc6 19. Nxf8 Qxf8 20. Qxf8+
Kxf8 21. Rad1 Be6 22. f4 exf4 23. Rxf4 Ne5 24. c3 Ke7 25. Be2 Rg8 26. Kf2 Ng6
27. Ra4 a6 28. Rb4 b5 29. a4 bxa4 30. Rxa4 Rb8 31. b4 Rc8 32. Ra3 Ne5 33. h3
Nc4 34. Rxa6 Nd6 35. Rxd6 Kxd6 36. c4 Ke5 37. c5 Bd7 38. Rb1 Rc7 39. Ba6 d4 40.
Rd1 dxe3+ 41. Kxe3 f5 42. g3 Ba4 43. Rd8 Rg7 44. Kf2 Rh7 45. h4 f4 46. gxf4+
Kxf4 47. b5 Ke5 48. Kg3 Rg7+ 49. Kf3 Rh7 50. Kg4 Rg7+ 51. Kh5 Bb3 52. Kh6 Rg4
53. h5 Kf6 54. b6 Bf7 55. b7 Rh4 56. Be2 1-0

[Event "4NCL/Div2/WRO vs. GUI2"]
[Site "West Bromwich ENG"]
[Date "2004.05.02"]
[Round "8.1"]
[White "Gourlay, Iain"]
[Black "Plaskett, James"]
[Result "1/2-1/2"]
[WhiteElo "2275"]
[BlackElo "2483"]
[PlyCount "132"]
[EventDate "2004.05.02"]

1. Nf3 b6 2. e4 Bb7 3. Nc3 e6 4. d4 Bb4 5. Bd3 Nf6 6. Qe2 d5 7. exd5 Qxd5 8.
Bd2 Bxc3 9. Bxc3 Nbd7 10. Bd2 Qh5 11. O-O-O O-O 12. Rhg1 c5 13. Ne5 Nxe5 14.
dxe5 Qxe2 15. Bxe2 Nd5 16. Bf3 Rab8 17. Bxd5 exd5 18. f3 d4 19. Rge1 Rfe8 20.
Bf4 Rbd8 21. Rd2 f6 22. Bg3 f5 23. Red1 Ba6 24. b3 g5 25. c3 f4 26. Bf2 Rc8 27.
cxd4 cxd4+ 28. Kb1 d3 29. Bd4 Kf7 30. Rc1 Ke6 31. Rxc8 Rxc8 32. Kb2 h5 33. Bc3
Rd8 34. Rf2 Bb7 35. h3 Ba6 36. Kc1 Kf5 37. Kb2 Rc8 38. Rd2 Rg8 39. Rf2 Rc8 40.
Rd2 Rc7 41. Rf2 Rc6 42. Rd2 g4 43. hxg4+ hxg4 44. fxg4+ Kxg4 45. Rf2 Bc8 46.
Be1 Bf5 47. Bc3 Be4 48. Be1 Kf5 49. Bc3 Rg6 50. e6 Rxg2 51. Rxg2 Bxg2 52. e7
Bc6 53. Be1 Ke4 54. Kc3 Kf3 55. Kxd3 Bb5+ 56. Kd2 Kg2 57. Bh4 Kh3 58. Be1 Kg4
59. Bf2 Kf3 60. Ke1 Be8 61. Bh4 Ke3 62. Bf2+ Kd3 63. a4 Kc2 64. a5 bxa5 65.
Bxa7 Kxb3 66. Bc5 Kc4 1/2-1/2

[Event "4NCL/Div2/WRO vs. GUI2"]
[Site "West Bromwich ENG"]
[Date "2004.05.02"]
[Round "8.2"]
[White "Flear, Glenn C"]
[Black "Gayson, Peter M"]
[Result "1-0"]
[WhiteElo "2489"]
[BlackElo "2239"]
[PlyCount "59"]
[EventDate "2004.05.02"]

1. d4 f5 2. g3 g6 3. Bg2 Bg7 4. Nf3 Nf6 5. O-O O-O 6. c4 d6 7. Nc3 Qe8 8. b3 c6
9. Ba3 Na6 10. Qd3 Rb8 11. Nd2 Nc7 12. Rac1 Qf7 13. b4 Bd7 14. d5 Kh8 15. Nb3
b5 16. c5 Ncxd5 17. Nxd5 Nxd5 18. Bxd5 cxd5 19. cxd6 exd6 20. Rc7 a6 21. Qd2
Rbc8 22. Rfc1 Rxc7 23. Rxc7 f4 24. Qxf4 Qe6 25. Qd2 Qf6 26. f3 Be6 27. Rxg7 d4
28. Rc7 Bxb3 29. Bb2 Kg8 30. Bxd4 1-0

[Event "4NCL/Div2/WRO vs. GUI2"]
[Site "West Bromwich ENG"]
[Date "2004.05.02"]
[Round "8.3"]
[White "Adams, David M"]
[Black "Povah, Nigel E"]
[Result "0-1"]
[WhiteElo "2186"]
[BlackElo "2369"]
[PlyCount "81"]
[EventDate "2004.05.02"]

1. e4 d5 2. exd5 Nf6 3. Nc3 Nxd5 4. Bc4 Nb6 5. Bb3 Nc6 6. Nf3 Bf5 7. a4 a5 8.
d4 e6 9. O-O Be7 10. Bf4 O-O 11. Nb5 Rc8 12. Qe2 Nb4 13. Rfd1 N6d5 14. Bg3 Nf6
15. Rac1 c6 16. Na3 Nbd5 17. Nc4 Nh5 18. Qd2 Ra8 19. Ne3 Be4 20. Nxd5 exd5 21.
Ne5 Bg5 22. f4 Be7 23. Qe2 g6 24. Rf1 Bd6 25. Be1 Qb6 26. Qe3 Rad8 27. Bf2 f6
28. g4 fxe5 29. gxh5 Rxf4 30. hxg6 hxg6 31. h3 exd4 32. Qd2 Rxf2 33. Rxf2 Bg3
34. Re1 Bxf2+ 35. Kxf2 Rf8+ 36. Kg3 Qc7+ 37. Kh4 Qh7+ 38. Kg3 Qc7+ 39. Kh4 Qe7+
40. Kg3 Qe5+ 41. Kh4 0-1

[Event "4NCL/Div2/WRO vs. GUI2"]
[Site "West Bromwich ENG"]
[Date "2004.05.02"]
[Round "8.4"]
[White "Thompson, Ian D"]
[Black "Barrett, Steve J"]
[Result "1-0"]
[WhiteElo "2259"]
[BlackElo "2146"]
[PlyCount "83"]
[EventDate "2004.05.02"]

1. c4 Nf6 2. Nc3 g6 3. g3 Bg7 4. Bg2 O-O 5. e4 d6 6. Nge2 c6 7. O-O e5 8. h3
Be6 9. b3 Qc8 10. Kh2 Ne8 11. d4 f5 12. dxe5 dxe5 13. exf5 gxf5 14. f4 e4 15.
Be3 Nf6 16. Qc2 Na6 17. a3 b5 18. Na2 bxc4 19. bxc4 Nd7 20. Bd4 Rf7 21. g4 Ndc5
22. Nb4 Nxb4 23. axb4 Nd3 24. Bxg7 Rxg7 25. Ng3 fxg4 26. Bxe4 Nxb4 27. Qc3 a5
28. Nh5 Re7 29. hxg4 Raa7 30. f5 Qc7+ 31. Kh3 Bc8 32. Rae1 Qd6 33. Rd1 Qe5 34.
Rd8+ Kf7 35. Qxe5 Rxe5 36. Rxc8 Rxe4 37. Rh8 Rae7 38. Rxh7+ Ke8 39. Nf6+ Kd8
40. Rh8+ Kc7 41. Nxe4 Rxe4 42. f6 1-0

[Event "4NCL/Div2/WRO vs. GUI2"]
[Site "West Bromwich ENG"]
[Date "2004.05.02"]
[Round "8.5"]
[White "Cumbers, Paul"]
[Black "Anderton, Matthew N"]
[Result "1-0"]
[WhiteElo "2108"]
[BlackElo "2242"]
[PlyCount "72"]
[EventDate "2004.05.02"]

1. e4 e6 2. d4 d5 3. e5 c5 4. c3 Nc6 5. Nf3 Bd7 6. Be2 Nge7 7. Na3 Ng6 8. Nc2
cxd4 9. cxd4 Be7 10. O-O f6 11. exf6 Bxf6 12. Bd3 O-O 13. Bxg6 hxg6 14. b3 a5
15. Ba3 Rf7 16. Re1 a4 17. Qd3 g5 18. h3 Qb6 19. Bc5 Qc7 20. Ne3 b6 21. Ba3 Qf4
22. Bb2 a3 23. Bc3 Qe4 24. Qd1 Rc8 25. Ng4 Qf5 26. Rc1 Be7 27. Qd2 Qf4 28. Nge5
Nxe5 29. Nxe5 Bf8 30. Nxf7 Kxf7 31. Re3 Kg8 32. Rce1 Bd6 33. g3 Qf5 34. Qd3
Qxh3 35. Qg6 Rf8 36. Qxg5 Rf5 {time} 1-0

[Event "4NCL/Div2/WRO vs. GUI2"]
[Site "West Bromwich ENG"]
[Date "2004.05.02"]
[Round "8.6"]
[White "Jackson, Adrian"]
[Black "Arnott, Jonathan W"]
[Result "1/2-1/2"]
[WhiteElo "2217"]
[BlackElo "2126"]
[PlyCount "62"]
[EventDate "2004.05.02"]

1. e4 e6 2. d4 d5 3. Nc3 Nf6 4. e5 Nfd7 5. Nce2 c5 6. c3 b5 7. f4 Nc6 8. Nf3
Qb6 9. Be3 b4 10. c4 dxc4 11. d5 Ne7 12. dxe6 fxe6 13. Qc2 Nd5 14. Bd2 Be7 15.
h4 Ba6 16. Ng5 Bxg5 17. hxg5 g6 18. g3 O-O-O 19. Nc1 c3 20. Bxa6+ Qxa6 21. bxc3
bxc3 22. Bxc3 Qc4 23. Ne2 Nb4 24. Qb1 Nd3+ 25. Kf1 Qe4 26. Rh2 Nb6 27. Qb5 Qf3+
28. Kg1 Qe3+ 29. Kf1 Qf3+ 30. Kg1 Qe3+ 31. Kf1 Qf3+ 1/2-1/2

[Event "4NCL/Div2/WRO vs. GUI2"]
[Site "West Bromwich ENG"]
[Date "2004.05.02"]
[Round "8.7"]
[White "van Kemenade, Rudy"]
[Black "Frostick, Clive A"]
[Result "0-1"]
[WhiteElo "2119"]
[BlackElo "2162"]
[PlyCount "60"]
[EventDate "2004.05.02"]

1. e4 c5 2. Nf3 e6 3. d4 cxd4 4. Nxd4 Nf6 5. Nc3 Nc6 6. Nxc6 bxc6 7. e5 Nd5 8.
Ne4 Qa5+ 9. Bd2 Qc7 10. f4 Qb6 11. Bd3 Be7 12. Qe2 f5 13. exf6 Nxf6 14. f5 O-O
15. Nf2 exf5 16. O-O Ne4 17. Be3 Bc5 18. Bxc5 Qxc5 19. Bxe4 fxe4 20. Qxe4 Ba6
21. b4 Qb6 22. c4 Rae8 23. Qh4 Qxb4 24. Rac1 d5 25. a3 Qe7 26. Qg3 Bxc4 27.
Rfd1 Qe3 28. Qh4 Re4 29. Re1 Qxe1+ 30. Rxe1 Rxe1# 0-1

[Event "4NCL/Div2/WRO vs. GUI2"]
[Site "West Bromwich ENG"]
[Date "2004.05.02"]
[Round "8.8"]
[White "Yurenok, Maria S"]
[Black "van Kemenade, Julie"]
[Result "1-0"]
[WhiteElo "2100"]
[BlackElo "1680"]
[PlyCount "59"]
[EventDate "2004.05.02"]

1. d4 d6 2. e4 g6 3. c3 Bg7 4. Nf3 Nd7 5. Bc4 e6 6. O-O Ne7 7. Bg5 h6 8. Bh4
O-O 9. Nbd2 Nf6 10. Qc2 Nh7 11. e5 Kh8 12. Bd3 Rg8 13. Rfe1 Nf8 14. Ne4 g5 15.
Nexg5 hxg5 16. Nxg5 Qe8 17. Re3 Nf5 18. Rh3 Bh6 19. Bxf5 exf5 20. Nf3 Rg6 21.
Bf6+ Kg8 22. Nh4 Bg7 23. Nxg6 fxg6 24. Bxg7 Kxg7 25. Re3 d5 26. f4 Ne6 27. Qf2
Qe7 28. Rh3 Qh4 29. Qxh4 Kf7 30. Qf6+ 1-0

[Event "4NCL/Div2/MMNWE2 vs. KHE"]
[Site "West Bromwich ENG"]
[Date "2004.05.02"]
[Round "8.1"]
[White "Lund, D Brett"]
[Black "McMichael, Richard"]
[Result "1-0"]
[WhiteElo "2231"]
[BlackElo "2298"]
[PlyCount "101"]
[EventDate "2004.05.02"]

1. g3 e6 2. Bg2 d5 3. Nf3 Nf6 4. O-O Be7 5. b3 b6 6. Bb2 Bb7 7. c4 O-O 8. e3
Nbd7 9. d3 Re8 10. Nc3 Bf8 11. Qc2 c5 12. e4 d4 13. Ne2 e5 14. h3 Nb8 15. Nh2
Nxe4 16. Bxe4 Bxe4 17. dxe4 d3 18. Qd2 dxe2 19. Qxe2 Nc6 20. Ng4 Nd4 21. Qd3
Qg5 22. Ne3 Qh5 23. Nd5 Rad8 24. Kg2 Bd6 25. Rae1 Re6 26. Qd1 Qg6 27. Qg4 f6
28. Bxd4 Qxg4 29. hxg4 exd4 30. f4 Rde8 31. Kf3 Bb8 32. Rh1 h6 33. Rh2 Rf8 34.
a3 Rc8 35. Rc2 Kf7 36. Rd2 Ree8 37. Rh2 Re6 38. Rc2 Rd8 39. b4 cxb4 40. axb4 b5
41. Rd1 bxc4 42. Rxd4 Ra6 43. Rdxc4 Ra3+ 44. R2c3 Ra2 45. Rc8 Rxc8 46. Rxc8 Bd6
47. Rd8 Ke6 48. Ke3 Ra3+ 49. Kd4 g5 50. Rh8 Kf7 51. Rxh6 1-0

[Event "4NCL/Div2/MMNWE2 vs. KHE"]
[Site "West Bromwich ENG"]
[Date "2004.05.02"]
[Round "8.2"]
[White "Guthrie, David"]
[Black "van der Linden, Lukas"]
[Result "0-1"]
[WhiteElo "2171"]
[BlackElo "2275"]
[PlyCount "58"]
[EventDate "2004.05.02"]

1. d4 Nf6 2. c4 g6 3. Nc3 Bg7 4. e4 d6 5. Be2 O-O 6. Nf3 e5 7. O-O Na6 8. Be3
Ng4 9. Bg5 Qe8 10. dxe5 h6 11. Bd2 dxe5 12. h3 Nf6 13. Be3 Qe7 14. Qc1 Kh7 15.
c5 b6 16. c6 Nb4 17. Bc4 Be6 18. Nb5 a6 19. Bxe6 axb5 20. Bb3 Nxe4 21. Qe1 Nd3
22. Qe2 Nec5 23. Bxc5 Nxc5 24. Qxb5 e4 25. Rfe1 f5 26. Rad1 Rfd8 27. Nd2 Nd3
28. Re2 Nxb2 29. Rde1 Ra5 0-1

[Event "4NCL/Div2/MMNWE2 vs. KHE"]
[Site "West Bromwich ENG"]
[Date "2004.05.02"]
[Round "8.3"]
[White "Hague, Ben"]
[Black "Spivack, Simon"]
[Result "1-0"]
[WhiteElo "2227"]
[BlackElo "2202"]
[PlyCount "69"]
[EventDate "2004.05.02"]

1. e4 c5 2. d4 e6 3. Nf3 cxd4 4. c3 d3 5. Bxd3 Nc6 6. O-O d6 7. Na3 Nf6 8. h3
Be7 9. Qe2 O-O 10. Be3 Qc7 11. Nb5 Qb8 12. Rad1 Bd7 13. Bb1 Ne5 14. Nbd4 Rc8
15. Nd2 b5 16. f4 Nc4 17. Nxc4 Rxc4 18. Bc1 Rc5 19. Nb3 Rc8 20. e5 Nd5 21. Nd4
Qb6 22. Kh1 dxe5 23. fxe5 Be8 24. Be4 Rd8 25. Nf5 Bf8 26. Qh5 exf5 27. Bxd5 g6
28. Qh4 Rac8 29. Bg5 Rxd5 30. Rxd5 Bc6 31. Rd4 Bc5 32. Bf6 Qb7 33. Qxh7+ Kxh7
34. Rh4+ Kg8 35. Rh8# 1-0

[Event "4NCL/Div2/MMNWE2 vs. KHE"]
[Site "West Bromwich ENG"]
[Date "2004.05.02"]
[Round "8.4"]
[White "Thomas, Richard H"]
[Black "Richards, Heather"]
[Result "0-1"]
[WhiteElo "2235"]
[BlackElo "2211"]
[PlyCount "62"]
[EventDate "2004.05.02"]

1. d4 e6 2. g3 f5 3. Bg2 Nf6 4. Nh3 Be7 5. O-O O-O 6. b3 d6 7. Bb2 Qe8 8. Nd2
Nc6 9. Nc4 Ng4 10. f3 Nh6 11. e4 fxe4 12. fxe4 e5 13. dxe5 dxe5 14. Qd5+ Nf7
15. Nxe5 Be6 16. Nxc6 Bxd5 17. Nxe7+ Qxe7 18. exd5 Qc5+ 19. Kh1 Qxc2 20. Rf2
Qc5 21. Rc1 Qb6 22. Rfc2 Rae8 23. Nf4 Re7 24. Ne6 Rfe8 25. Bd4 Qa5 26. a4 Nd8
27. Rc5 Qa6 28. Nxc7 Re1+ 29. Bg1 Qh6 30. R1c3 Qd2 31. Nxe8 Qf2 0-1

[Event "4NCL/Div2/MMNWE2 vs. KHE"]
[Site "West Bromwich ENG"]
[Date "2004.05.02"]
[Round "8.5"]
[White "Hulmes, David I"]
[Black "O'Shaughnessy, Conor"]
[Result "1-0"]
[WhiteElo "2170"]
[BlackElo "2202"]
[PlyCount "63"]
[EventDate "2004.05.02"]

1. e4 c5 2. Nf3 d6 3. d4 cxd4 4. Nxd4 Nf6 5. Nc3 a6 6. Bc4 e6 7. Bb3 Nbd7 8.
Be3 Nc5 9. f3 Be7 10. Qd2 Qc7 11. O-O-O b5 12. g4 Bb7 13. g5 Nfd7 14. h4 b4 15.
Na4 d5 16. h5 dxe4 17. g6 exf3 18. gxf7+ Kxf7 19. Rhg1 Nxb3+ 20. axb3 Nf6 21.
Rxg7+ Ke8 22. Nxe6 Qe5 23. Nac5 Rc8 24. Bd4 Ne4 25. Bxe5 Nxd2 26. Nxb7 Rc6 27.
Nc7+ Kf8 28. Rxd2 Bf6 29. Bxf6 Rxf6 30. Rg1 f2 31. Rf1 Rg8 32. Rdxf2 1-0

[Event "4NCL/Div2/MMNWE2 vs. KHE"]
[Site "West Bromwich ENG"]
[Date "2004.05.02"]
[Round "8.6"]
[White "Okike, David C"]
[Black "Hughes, Howard R"]
[Result "1/2-1/2"]
[WhiteElo "2172"]
[BlackElo "2212"]
[PlyCount "126"]
[EventDate "2004.05.02"]

1. e4 d5 2. exd5 Qxd5 3. Nc3 Qa5 4. d4 Nf6 5. Bc4 Bg4 6. Nge2 e6 7. Bd2 Qb4 8.
b3 Qb6 9. O-O c6 10. Bf4 Nd5 11. f3 Bf5 12. a3 Nxf4 13. Nxf4 Bd6 14. Nfe2 Qc7
15. g3 Nd7 16. Ne4 Be7 17. b4 O-O 18. Bd3 Rfd8 19. Kg2 e5 20. Rb1 Bg6 21. Nf2
exd4 22. Bxg6 hxg6 23. Qxd4 Nb6 24. Qc3 Bf6 25. Qb3 Rd2 26. Rfe1 Be7 27. Ne4
Rd7 28. Nf4 Nd5 29. Nd3 b6 30. Re2 Bf8 31. c4 Nf6 32. Ng5 Re8 33. Rxe8 Nxe8 34.
c5 Qd8 35. f4 Nc7 36. cxb6 axb6 37. Ne5 Rd2+ 38. Kf3 Qd5+ 39. Qxd5 Nxd5 40.
Ngxf7 Ra2 41. Rb3 c5 42. Ng5 cxb4 43. axb4 Bxb4 44. Ke4 Nf6+ 45. Kd4 Bc5+ 46.
Kc4 Nh7 47. Ngf3 Nf8 48. Rd3 Be7 49. Rb3 Bc5 50. Kb5 Ne6 51. Rd3 Rb2+ 52. Kc6
b5 53. Rd5 Rc2 54. Rd7 Nd4+ 55. Nxd4 Bxd4+ 56. Kxb5 Bxe5 57. fxe5 Re2 58. Rd5
Kf7 59. Kc5 Ke6 60. Rd6+ Kxe5 61. Rxg6 Rxh2 62. Rxg7 Rc2+ 63. Kb6 Kf5 1/2-1/2

[Event "4NCL/Div2/MMNWE2 vs. KHE"]
[Site "West Bromwich ENG"]
[Date "2004.05.02"]
[Round "8.7"]
[White "Savory, Richard J"]
[Black "Mackenzie, Colin"]
[Result "1/2-1/2"]
[WhiteElo "2096"]
[BlackElo "2147"]
[PlyCount "34"]
[EventDate "2004.05.02"]

1. e4 e6 2. d4 d5 3. Nd2 c5 4. exd5 exd5 5. Ngf3 Nc6 6. Bb5 Bd6 7. dxc5 Bxc5 8.
O-O Nge7 9. Nb3 Bd6 10. Re1 O-O 11. Bg5 a6 12. Be2 Qc7 13. c3 Bf5 14. Bh4 Be4
15. Bg3 Bxg3 16. hxg3 Rad8 17. Nbd4 Rfe8 1/2-1/2

[Event "4NCL/Div2/MMNWE2 vs. KHE"]
[Site "West Bromwich ENG"]
[Date "2004.05.02"]
[Round "8.8"]
[White "Connolly, Suzanne"]
[Black "Milligan, Helen"]
[Result "1-0"]
[WhiteElo "2072"]
[BlackElo "2086"]
[PlyCount "65"]
[EventDate "2004.05.02"]

1. e4 e5 2. Nf3 Nf6 3. Nxe5 d6 4. Nf3 Nxe4 5. d4 d5 6. Bd3 Be7 7. O-O Nc6 8. c3
Bg4 9. Nbd2 f5 10. Qb3 Nxd2 11. Nxd2 O-O 12. Qxb7 Rf6 13. Qb3 Rg6 14. Kh1 Qd6
15. f4 Rb8 16. Qc2 Qf6 17. Nf3 Rh6 18. Qf2 Bxf3 19. Qxf3 Rd8 20. h3 Qf8 21. Be3
Nb8 22. Bf2 c6 23. c4 Kh8 24. Rad1 Re6 25. Rfe1 Rxe1+ 26. Bxe1 g6 27. Bc3 Bf6
28. cxd5 Rxd5 29. Bc4 Rd8 30. d5 cxd5 31. Rxd5 Rxd5 32. Bxf6+ Qxf6 33. Qxd5 1-0

[Event "4NCL/Div2/BRI1 vs. 3CS2"]
[Site "West Bromwich ENG"]
[Date "2004.05.03"]
[Round "9.1"]
[White "Cobb, Charles"]
[Black "Walton, Alan J"]
[Result "1-0"]
[WhiteElo "2406"]
[BlackElo "2126"]
[PlyCount "107"]
[EventDate "2004.05.03"]

1. c4 f5 2. Nf3 Nf6 3. g3 d6 4. d4 e6 5. Bg2 Be7 6. O-O O-O 7. Nc3 Ne4 8. Qc2
Nxc3 9. Qxc3 a5 10. c5 Bf6 11. Be3 Nc6 12. Rad1 Qe8 13. Bg5 Qg6 14. Bxf6 Qxf6
15. cxd6 cxd6 16. d5 Nb4 17. Qxf6 Rxf6 18. dxe6 Rxe6 19. a3 Nc6 20. Ng5 Rg6 21.
Bd5+ Kf8 22. Nxh7+ Ke7 23. h4 Ne5 24. Ng5 Bd7 25. Rc1 Bc6 26. Bxc6 Nxc6 27.
Rfd1 Kd7 28. e3 Ra6 29. Rd5 Rf6 30. Rb5 Kc7 31. Nf3 Rb6 32. a4 g6 33. Nd4 Ra6
34. Rd5 Kd7 35. Nb5 Rb6 36. Rd2 Ne5 37. Rdc2 Rc6 38. Nd4 Rxc2 39. Rxc2 Nd3 40.
Nb5 Nc5 41. b3 b6 42. Nd4 d5 43. f3 Rf8 44. Kf1 Rc8 45. Rc1 Kd6 46. Ke2 Re8 47.
Kd2 Ke7 48. Rb1 Na6 49. Rc1 Nc5 50. Rb1 Na6 51. h5 Kf6 52. hxg6 Rg8 53. Rh1
Rxg6 54. Rh5 1-0